000
00285nam a2200109Ia 4500
008
220204s9999 xx 000 0 und d
082
_a
338.45(540)
_b
IND.1-2
245
0
_a
Indian industries 2Vol
250
_a
Ed.20
260
_a
Bombay
_b
Indian Industries Publication
_c
1996
942
_c
BK
999
_c
41058
_d
41058